Principles of retailing

Tallennettuna:
Bibliografiset tiedot
Päätekijä: Fernie, John
Aineistotyyppi: Kirja
Kieli:Undetermined
Julkaistu: Amsterdam Butterworth - Heinemann 2003
Aiheet:
Tagit: Lisää tagi
Ei tageja, Lisää ensimmäinen tagi!
Thư viện lưu trữ: Trung tâm Học liệu Trường Đại học Cần Thơ
LEADER 00524nam a2200205Ia 4500
001 CTU_98237
008 210402s9999 xx 000 0 und d
020 |c 37.19 
082 |a 658.87 
082 |b F365 
100 |a Fernie, John 
245 0 |a Principles of retailing 
245 0 |c John Fernie 
260 |a Amsterdam 
260 |b Butterworth - Heinemann 
260 |c 2003 
650 |a Retail trade,Retail trade 
650 |x Management 
904 |i Truc 
980 |a Trung tâm Học liệu Trường Đại học Cần Thơ